Ani včera v NR SR neprekročil svoj tieň Z prejavu prezidenta M. Kováča k vrátenému zákonu o nadáciách

Bibliographic Details
Main Author: Kováč, Michal (Author)
Format: Article
Language:Slovak
PhysicalDescription:Fotogr. 1
Subjects:

MARC

LEADER 00000nab a2200000 a 4500
001 vtls000588033
003 SK-MaSNL
005 20260304015808.0
008 160202c1996 xo 0 slo
015 |a SNBRB19rr/mm-uuuuu 
035 |a CL0588172 
040 |a SNKBUCL  |b slo  |c SNKBUCL  |e AACR2 
041 0 |a slo 
044 |a xo  |c SK 
080 |a 328.1(437.6)  |2 1981 
245 0 0 |a Ani včera v NR SR neprekročil svoj tieň  |b Z prejavu prezidenta M. Kováča k vrátenému zákonu o nadáciách 
300 |b Fotogr. 1 
610 1 7 |a Slovensko.  |b Národná rada  |2 snkbucl  |9 165573 
655 7 |a články z novín a časopisov  |2 snkbucl  |9 267496 
700 1 |a Kováč, Michal  |4 aut  |9 265919 
773 0 |t Slovenská republika  |g Roč. 4, č. 144 (21. 6. 1996), s. 5 
850 |a Slovenská národná knižnica v Martine  |a MTA001 
852 |a SNK  |b KIS3GCP 
958 |a RK 
958 |a SK 
992 |a RBX 
999 |c 2594331  |d 2596261